| 000 | 00662nam a2200169 a 4500 | ||
|---|---|---|---|
| 020 | _a0727725211 | ||
| 082 | 0 | 0 |
_a690.16 _bNEA _cL-NUST, P-19 |
| 100 | 1 |
_aNeal, Frank R. _945521 |
|
| 245 | 1 | 0 |
_aConcrete industrial ground floors / _cFrank R. Neal. |
| 260 |
_aLondon : _bThomas Telford ; _aNew York : _bDistributor, American Society of Civil Engineers, Publications Sales Department, _c1996. |
||
| 300 |
_aix, 41 p. : _bill. ; _c30 cm. |
||
| 526 |
_a0 _b0 _c0 _d690_160000000000000_NEA |
||
| 650 | 0 |
_aFloors, Concrete _xDesign and construction. _945522 |
|
| 650 | 0 |
_aIndustrial buildings _xFloors _xDesign and construction. _945523 |
|
| 650 | 0 |
_aMCE _9379 |
|
| 942 |
_2ddc _cBK |
||
| 999 |
_c549022 _d549022 |
||